000 00272nam a22001217a 4500
008 180927b xxu||||| |||| 00| 0 eng d
041 _aeng
080 _a610
100 _a7
101 _aANE
245 _aComplications Anesthesthesiology
_cLobato.E.B
942 _2udc
_cBK
999 _c48638
_d48638